| 000 | 01461cam a2200361 4500 | ||
|---|---|---|---|
| 001 | ABS67301 | ||
| 008 | 031217n2003 000 0 eng u | ||
| 035 | _a(Sirsi) u124637 | ||
| 100 | _aSamuels, A. | ||
| 245 | _aIs the Local Planning Authority liable for defective design? | ||
| 260 | _c2003 | ||
| 490 |
_aJournal of Planning and Environment Law _vDecember 2003, 1514-1516(3) |
||
| 520 | _aDiscusses the liability of Local Planning Authorities (LPAs) for problems arising from defective design. Considers "Kane v New Forest DC" ([2001] EWCA Civ 878, [2002] 1 WLR 312) and refers to case law which examines the liability and potential liability of local authorities. Sets out the liabilities of LPAs and developers and identifies possible scenarios which may arise. | ||
| 590 | _aABS | ||
| 650 | _aDEFECTIVE DESIGN | ||
| 650 | _aLOCAL PLANNING AUTHORITIES | ||
| 650 | _aKANE V NEW FOREST DC | ||
| 650 | _aSTOVIN V WISE | ||
| 650 | _aLAM V BRENNAN AND ANOTHER | ||
| 650 | _aDUNLOP V WOOLLAHRA MUNICIPAL COUNCIL | ||
| 650 | _aX V BEDFORDSHIRE CC | ||
| 650 | _aBARRETT V ENFIELD LBC | ||
| 650 | _aOSMAN V UNITED KINGDOM | ||
| 650 | _aTIDMAN V READING BC | ||
| 650 | _aGOODEN V NORTHAMPTONSHIRE CC | ||
| 650 | _aGORRINGE V CALDERDALE MBC | ||
| 650 | _aLAVIS V KENT CC | ||
| 650 | _aMURPHY V BRENTWOOD DC | ||
| 650 | _aTARGETT V TORFAEN BC | ||
| 650 | _aLIABILITY | ||
| 690 | _aBUILT ENVIRONMENT-BUILDING PATHOLOGY | ||
| 942 | _n0 | ||
| 999 |
_c73965 _d73965 |
||